000 00565nam a2200181 i 4500
001 110352
003 ES-MaACL
005 20230906185031.0
007 t|
008 061121s1983 sp r ||||1| spa d
080 _a821.134.2-22"16"
100 1 _aMolina, Tirso de,
_d1579-1648
_9226522
245 1 3 _aLa huerta de Juan Fernández /
_cTirso de Molina; edición, introducción y notas de Berta Pallares.
260 _aMadrid :
_bCastalia,
_c1983.
700 1 _aPallarés, Berta.
_988570
852 _aES-MaACL
_jL-9013
_bR.110331
999 _c110352
_d110352